दरिद्र नारायण : (Record no. 116607)

MARC details
000 -LEADER
fixed length control field 01154nam a22002537a 4500
005 - DATE AND TIME OF LATEST TRANSACTION
control field 20170124103041.0
010 ## - LIBRARY OF CONGRESS CONTROL NUMBER
LC control number B-036858
020 ## - INTERNATIONAL STANDARD BOOK NUMBER
Terms of availability 200.00
035 ## - SYSTEM CONTROL NUMBER
System control number B-036858
037 ## - SOURCE OF ACQUISITION
Source of stock number/acquisition Cen Lib/Ret
040 ## - CATALOGING SOURCE
Original cataloging agency DPL
Language of cataloging HN
082 ## - DEWEY DECIMAL CLASSIFICATION NUMBER
Classification number
Item number दोस्तोये
100 ## - MAIN ENTRY--PERSONAL NAME
Personal name दोस्तोयेव्स्की, फ़्योदोर
9 (RLIN) 67369
245 ## - TITLE STATEMENT
Title दरिद्र नारायण :
Statement of responsibility, etc फ़्योदोर दोस्तोयेव्स्की
Remainder of title रजत रातें /
246 ## - VARYING FORM OF TITLE
Title proper/short title Daridra Narayana : rajat raaten /
Remainder of title by Fyodor Dostoyevaski
260 ## - PUBLICATION, DISTRIBUTION, ETC. (IMPRINT)
Place of publication, distribution, etc दिल्ली
Name of publisher, distributor, etc युगबोध साहित्य
Date of publication, distribution, etc 2001
270 ## - ADDRESS
Address 518/6, बी, कड़कड़ी रोड, विश्वास नगर, शाहदरा
City दिल्ली
Postal code 110032
300 ## - PHYSICAL DESCRIPTION
Extent 200पृ.
Dimensions 21सेमी(सजिल्द )
650 ## - SUBJECT ADDED ENTRY--TOPICAL TERM
Topical term or geographic name as entry element हिंदी साहित्य
General subdivision
Geographic subdivision
9 (RLIN) 67370
650 ## - SUBJECT ADDED ENTRY--TOPICAL TERM
Topical term or geographic name as entry element हिंदी -- उपन्यास
9 (RLIN) 67371
650 ## - SUBJECT ADDED ENTRY--TOPICAL TERM
Topical term or geographic name as entry element Hindi literature
Form subdivision
9 (RLIN) 67372
650 ## - SUBJECT ADDED ENTRY--TOPICAL TERM
Topical term or geographic name as entry element Hindi -- Fiction
9 (RLIN) 27248
942 ## - ADDED ENTRY ELEMENTS (KOHA)
Source of classification or shelving scheme Dewey Decimal Classification
Koha item type Hindi Books
Classification part
Call number suffix दोस्तोये
Holdings
Withdrawn status Lost status Damaged status Not for loan Home library Current library Date acquired Source of acquisition Cost, normal purchase price Total Checkouts Full call number Barcode Date last seen Copy number Cost, replacement price Price effective from Koha item type
        Central Library Central Library 25/08/2015 Cen Lib/Ret 200.00   उ दोस्तोये B-036858 25/08/2015 1 200.00 25/08/2015 Hindi Books

© Delhi Public Library
Hit Counter
free hit counter